000 00386nam a2200145Ia 4500
008 220217s9999||||xx |||||||||||||| ||und||
020 _a978-0-07-070033-8
082 _a620.11 NAS
100 _aNash, William, A
245 0 _aStrength of materials
250 _a4th
260 _aTata mcgraw hill company Ltd
_bNew Delhi
_c2010
300 _aXVI,425p.
_b340
650 _aCIVIL
999 _c179788
_d179788